000 01343nam a2200337 a 4500
001 ebr10658429
003 CaPaEBR
006 m u
007 cr cn|||||||||
008 121213s2013 njua s 001 0 eng d
010 _z 2012955837
020 _z9781118453308 (pbk. : alk. paper)
020 _z1118453301 (pbk. : alk. paper)
020 _z9781118453346 (e-book)
040 _aCaPaEBR
_cCaPaEBR
035 _a(OCoLC)834538318
050 1 4 _aQA39.3
_b.S36 2013eb
100 1 _aSchoenborn, Barry J.
245 1 0 _aMath for real life for dummies
_h[electronic resource] /
_cby Barry Schoenborn.
250 _a1st ed.
260 _aHoboken, N.J. :
_bWiley,
_c2013.
300 _axviii, 268 p. :
_bill.
440 0 _a--For dummies
500 _aIncludes index.
505 0 _apt. 1. Boning up on math basics -- pt. 2. Math for everyday activities -- pt. 3. Math to manage your personal finances -- pt. 4. The part of tens.
533 _aElectronic reproduction.
_bPalo Alto, Calif. :
_cebrary,
_d2013.
_nAvailable via World Wide Web.
_nAccess may be limited to ebrary affiliated libraries.
650 0 _aMathematics.
655 7 _aElectronic books.
_2local
710 2 _aebrary, Inc.
856 4 0 _uhttp://site.ebrary.com/lib/rucke/Doc?id=10658429
_zAn electronic book accessible through the World Wide Web; click to view
999 _c65361
_d65361